00546 2200181 4500245012500000020002200125250001100147100002000158700002100178700001500199650003700214005001900251260003300270041001400303084001200317300002600329336000900355 aEnsiklopedia Pemerintahan & Kewarganegaraan b : Sistem dan Bentuk Pemerintahan di Dunia jilid 2cKenneth MinoguehText a978-979-3535-77-7 aCet. 1 aKenneth Minogue aDina C Hermandez aJo Scaraba aPemerintahan dan Kewarganegaraan a20240926112404 aJakartabLENTERA ABADIc2010 aIndonesia aR 320.9 aix, 203 hlm, :c30 cm atext